Catalog

Record Details

Catalog Search



Rock, rock, rock! [DVD/videorecording] / Vanguard ... Read More

Available copies

  • 1 of 1 copy available at LARL/NWRL Consortium. (Show)
  • 1 of 1 copy available at Northwest Regional Library.

Current holds

0 current holds with 1 total copy.

Show All Copies
Location Call Number / Copy Notes Barcode Shelving Location Status Due Date
Greenbush Public Library DVD ROC (Text) 35500004413801 Main Available -

Record details

  • ISBN: 1932566171 :
  • ISBN: 9781932566178
  • Physical Description: 1 videodisc (111 min.) : sd., b&w, col. ; 4 3/4 ... Read More
  • Publisher: Itasca, IL : Critic's Choice Video, c2003.

Content descriptions

General Note:
Originally released as a motion picture in 1956.
Running time includes bonus TV episode of The Adventures of Ozzie and Harriet.
Creation/Production Credits Note:
Director of photography, Morris Hartzband.
Participant or Performer Note:
Alan Freed, Chuck Berry, Frankie Lymon & The ... Read More
Summary, etc.:
A school girl devises a money-lending scheme to ... Read More
System Details Note:
DVD.
Subject: Rock music > To 1961.
Genre: Feature films.
Rock films.
LDR 02286cgm a2200553Ia 4500
001110621
003LARL_NWRL_CONSORTIUM
00520091023172948.0
008041118s2003 ilu111 vleng d
020 . ‡a1932566171 : ‡c$14.95
020 . ‡a9781932566178
02842. ‡aCCD 1017 ‡bCritic's Choice
035 . ‡a(OCoLC)56994905
040 . ‡aIAM ‡cIAM ‡dOCLCG ‡dNRG
24500. ‡aRock, rock, rock! ‡h[DVD/videorecording] / ‡cVanguard Productions ; screenplay, Milton Subotsky ; story, Milton Subotsky and Phyllis Coe ; produced by Max J. Rosenberg and Milton Subotsky ; directed by Will Price.
260 . ‡aItasca, IL : ‡bCritic's Choice Video, ‡cc2003.
300 . ‡a1 videodisc (111 min.) : ‡bsd., b&w, col. ; ‡c4 3/4 in.
538 . ‡aDVD.
500 . ‡aOriginally released as a motion picture in 1956.
500 . ‡aRunning time includes bonus TV episode of The Adventures of Ozzie and Harriet.
5111 . ‡aAlan Freed, Chuck Berry, Frankie Lymon & The Teenagers, The Moonglows, Tuesday Weld, The Flamingos, Johnny Burnette, Connie Francis, Fred Manfield, La Verne Baker, Jacqueline Kerr, Teddy Randazzo.
508 . ‡aDirector of photography, Morris Hartzband.
520 . ‡aA school girl devises a money-lending scheme to earn cash for a prom dress after her father takes her charge account away.
650 0. ‡aRock music ‡yTo 1961. ‡0(LARL_NWRL_CONSORTIUM)35991
655 0. ‡aFeature films. ‡0(LARL_NWRL_CONSORTIUM)175625
655 0. ‡aRock films. ‡0(LARL_NWRL_CONSORTIUM)175830
7001 . ‡aSubotsky, Milton. ‡0(LARL_NWRL_CONSORTIUM)205302
7001 . ‡aCoe, Phyllis. ‡0(LARL_NWRL_CONSORTIUM)180995
7001 . ‡aRosenberg, Max J.
7001 . ‡aPrice, Will. ‡0(LARL_NWRL_CONSORTIUM)218632
7001 . ‡aFreed, Alan. ‡0(LARL_NWRL_CONSORTIUM)102826
7001 . ‡aBerry, Chuck. ‡0(LARL_NWRL_CONSORTIUM)74700
7001 . ‡aLymon, Frankie. ‡0(LARL_NWRL_CONSORTIUM)182229
7001 . ‡aWeld, Tuesday, ‡d1943- ‡0(LARL_NWRL_CONSORTIUM)95232
7001 . ‡aBurnette, Johnny. ‡0(LARL_NWRL_CONSORTIUM)186707
7001 . ‡aFrancis, Connie. ‡0(LARL_NWRL_CONSORTIUM)79283
7001 . ‡aManfield, Fred.
7001 . ‡aBaker, LaVern. ‡0(LARL_NWRL_CONSORTIUM)186445
7001 . ‡aKerr, Jacqueline. ‡0(LARL_NWRL_CONSORTIUM)209577
7001 . ‡aRandazzo, Teddy. ‡0(LARL_NWRL_CONSORTIUM)186033
7102 . ‡aMoonglows (Musical group) ‡0(LARL_NWRL_CONSORTIUM)185991
7102 . ‡aFlamingos (Musical group) ‡0(LARL_NWRL_CONSORTIUM)185992
7102 . ‡aJohnny Burnette Trio. ‡0(LARL_NWRL_CONSORTIUM)186777
7102 . ‡aTeenagers (Musical group) ‡0(LARL_NWRL_CONSORTIUM)182230
7102 . ‡aVanguard Productions. ‡0(LARL_NWRL_CONSORTIUM)203179
7102 . ‡aCritics' Choice Video (Firm) ‡0(LARL_NWRL_CONSORTIUM)204734
901 . ‡a110621 ‡bOCLC ‡c110621 ‡tbiblio

Additional Resources